| 000 | 00508nam a2200181 i 4500 | ||
|---|---|---|---|
| 001 | bg | ||
| 100 | 1 | _aGATTNAR, Anton | |
| 245 | 0 |
_aHölzerne Dach- und Hallenbauten von.. / _cAnton Gattnar, Franz Trysna. |
|
| 250 | _a7 neubearb. Aufl. | ||
| 260 |
_aBerlin : _bWilh. Ernst u. Sohn, _c1961. |
||
| 300 |
_as. XII, 378 : _brys., tab., tabl., ilustr. |
||
| 700 | 1 | _aTRYSNA, Franz | |
| 040 | _cBPK | ||
| 041 | _apol | ||
| 080 | _a624.011.1:692.4 | ||
| 942 | _cKS | ||
| 008 | s pl f |000 0 pol | ||
| 999 |
_c15528 _d15528 |
||
| 856 |
_uhttp://koha.tu.koszalin.pl/cgi-bin/koha/opac-detail.pl?biblionumber=15528 _yKatalog online BPK |
||